000 00810nam a2200241Ia 4500
003 GCL
005 20240530103018.0
008 140319s9999 xx 000 0 ara d
040 _aGCL /
_cGCL
082 0 4 _a935.02
_bر ت
100 1 _aروتن، مارغريت
245 1 0 _aتاريخ بابل /
_cروتن، مارغريت ؛ترجمة زينة عازار ، ميشال ابى فاضل
260 _aبيروت:
_bمنشورات عويدان ،
_c1975
300 _a175 ص ؛
_c24 سم
650 0 4 _aتاريخ
650 0 4 _aبابل
650 0 4 _aالبابليون
650 0 4 _aحضارة العراق القديمة
650 0 4 _aالعراق القديم - تاريخ
700 1 _aميشال ابى فاضل
_eمترجم
700 1 _aزينة عازار
_eمترجم
942 _2ddc
_cBK
999 _c36142
_d36142